Tomb Raider: Endroits visités par Lara Croft - Statistiques

Statistiques générales
  • Ce quiz a été pris 210 fois
  • Le résultat moyen est 27 sur 41
Statistiques - réponses
Jeux Pays % Correct
TR2 Royaume-Uni
93%
TR3 Royaume-Uni
93%
TR7 (Legend) Royaume-Uni
93%
TR8 (Underworld) Royaume-Uni
93%
SOTTR Royaume Uni
93%
TR 1 /TRA Pérou
91%
TR7 (Legend) Pérou
91%
SOTTR Perou
91%
TR6 (AOD) France
89%
TR2 Italie
86%
TR5 Italie
86%
TR2 Chine
83%
TR 1 /TRA Egypte
81%
TR4 Egypte
81%
TR3 Etats-Unis
81%
TR5 Etats-Unis
81%
TR7 (Legend) Japon
81%
TR AS Japon
81%
TR5 Russie
80%
ROTTR Russie
80%
TR8 (Underworld) Mexique
75%
SOTTR Mexique
75%
TR3 Inde
71%
TR 1 /TRA Grèce
70%
TR8 (Underworld) Thailande
62%
TR7 (Legend) Bolivie
61%
TR7 (Legend) Nepal
55%
TR5 Irlande
54%
TR7 (Legend) Kazakhstan
54%
TR 1 /TRA* Atlantide
48%
TR4 Cambodge
46%
TR3* Antarctique
45%
TR7 (Legend) Ghana
42%
ROTTR Syrie
41%
TR8 (Underworld) Norvège
35%
TR2* Tibet
32%
TR6 (AOD) République Tchèque
31%
TR8 (Underworld) Mer méditérranée
23%
TR8 (Underworld)* Arctique
18%
TR2* Mer Adriatique
14%
TR3 Papouasie-Nouvelle-Guinée
13%
Aucun quiz correspondant
Distribution des résultats
% des personnes avec chaque résultat
Percentile par nombre de réponses
Votre historique - résultats
Vous n’avez pas pris ce quiz